01889nam a2200409Ii 4500001001400000003000800014008004100022006001900063007001500082035002200097040003100119020001800150050002000168245022700188264012100415300004000536336002600576337002600602338003600628347002100664347000800685504004100693588008100734650002600815650004000841650003500881655002200916700004000938791003600978793005301014776020301067856007301270910002901343942000801372952008001380999001901460DIGABYALA0226NyNyDIG220302s2020 ec a ob 000 0 spa dm o d cr ||||||||||| a(OCoLC)1319854541 aDGITAbengerdaepncDGITA z978997810409514aLC495.S25 ebook00aDesafíos de la educación salesiana :bexperiencias y reflexiones desde las IUS = Challenges for the salesian education: experiences and reflections from IUS /ccoordinadores, María Sol Villagómez R. [and 3 others]. 1aQuito, Ecuador :bAbya Yala ;aCuenca, Ecuador :bUniversidad Politécnica Salesiana :bIUS Education Group,c2020. a1 online resource :billustrations. atextbtxt2rdacontent acomputerbc2rdamedia aonline resourcebcr2rdacarrier atext file2rdaft bPDF aIncludes bibliographical references.0 aOnline resource; title from PDF title page (Digitalia, viewed March 2, 2022) 0aSalesiansxEducation. 0aCatholic universities and colleges. 0aEducation, HigherxPhilosophy. 0aElectronic books.1 aVillagómez, María Sol,eeditor.2 aDigitalia (Firm),edistributor.0 gDigitalia eBook Collection:aEdiciones Abya-Yala08iPrint version:tDesafíos de la educación salesiana.b1ra edición.dQuito, Ecuador : Abya Yala ; Cuenca, Ecuador : Universidad Politécnica Salesiana : IUS Education Group, 2020z9789978104095403Digitalia Hispánicauhttps://www.digitaliapublishing.com/a/107827/ aPremium collection: 2022 cRAA 001040708DEHaBD-UINbBD-UINd2025-04-25l0r2025-04-25w2025-04-25yRAA c271668d271668